000 00357nam a2200157Ia 4500
003 OSt
005 20240522121329.0
008 170524s9999 xx 000 0 und d
020 _a978-9387394728
040 _ciimtu
100 _aBudynas- R.G.
245 0 _aSwitchgear Protaction and Power System
260 _bKhanna
260 _c2011
942 _2ddc
_c02
999 _c5997
_d5997